Tarantela: farsa en dos actos /
Diversión, situación familiar satírica con amenazas y promesas de matrimonio , el divorcio e incluso homicidio. Entretenimiento ligero.
Na minha lista:
| Autor principal: | |
|---|---|
| Formato: | Livro |
| Idioma: | Spanish |
| Publicado em: |
San José, Costa Rica
Editorial Costa Rica,
1978.
|
| Assuntos: | |
| Tags: |
Adicionar Tag
Sem tags, seja o primeiro a adicionar uma tag!
|
MARC
| LEADER | 00000nam a22000003 4500 | ||
|---|---|---|---|
| 001 | 195163 | ||
| 005 | 20170512090104.0 | ||
| 008 | 150123s1978 cr |||||| | | spa | ||
| 040 | |a DLC-HL |c DLC-HL |d CRU CIICLA | ||
| 041 | |a spa | ||
| 082 | |a CR862.4 |b C235t | ||
| 100 | 1 | |a Cañas Escalante, Alberto F. |d 1920-2014 | |
| 245 | 1 | 0 | |a Tarantela: |b farsa en dos actos / |c Alberto Cañas |
| 260 | |a San José, Costa Rica |b Editorial Costa Rica, |c 1978. | ||
| 300 | |a 106 páginas; 2 hojas de láminas: |b ilustraciones | ||
| 520 | |a Diversión, situación familiar satírica con amenazas y promesas de matrimonio , el divorcio e incluso homicidio. Entretenimiento ligero. | ||
| 651 | 1 | 7 | |a COSTA RICA |x DRAMA |2 hlasstg |
| 650 | 4 | |9 76 |a LITERATURA COSTARRICENSE |v TEATRO | |
| 942 | |2 ddc |c BK | ||
| 999 | |c 4160 |d 4160 | ||
